| 000 | 00557nam a2200145Ia 4500 | ||
|---|---|---|---|
| 008 | 220216s9999 xx 000 0 und d | ||
| 100 | _aDas G | ||
| 245 | 0 | _aProspects of growing ginger and turmeric as intercrop in immature rubber plantation | |
| 260 | _bSeminar on Spices Development under Mission for Integrated Development of Horticulture (MIDH) in Assam, 26-27 February 2015, State Institute of Rural Development, Kahikuchi, Guwahati, India. | ||
| 650 | _aGinger | ||
| 650 | _aIntercrop | ||
| 650 | _aTurmeric | ||
| 856 | _uNo article | ||
| 942 | _cJS | ||
| 999 |
_c66034 _d66034 |
||